Príbehy, na ktoré svietilo slnce. : Báje a povesti starého Egypta, Mezopotámie a Izraela. /

Uložené v:
Podrobná bibliografia
Ďalší autori: Petiška, Eduard (Narrator)
Médium: Kniha
Jazyk:Slovak
Czech
Vydané: Bratislava : Buvik, vydavateľstvo, 1998
Vydanie:1. úplné vyd.
Témy:
ISBN: 8085507730 (viaz.)
Fyzický popis: 156 s.
Tagy: Pridať tag
Žiadne tagy, Buďte prvý kto otaguje tento záznam!

MARC

LEADER 00000nam a2200000 a 4500
001 000049708
003 SVKK
005 19990127000000.0
008 981214s1998 xo e sloo
020 |a 8085507730 (viaz.) 
040 |a SVKKK  |b slo  |c SVKKK  |e AACR2 
041 1 |a slo  |h cze 
044 |a xo  |c SK 
080 |a 398.2(32)  |2 1997 
080 |a 398.2(358)  |2 1997 
080 |a 398.2(569.4)  |2 1997 
245 0 0 |a Príbehy, na ktoré svietilo slnce. :  |b Báje a povesti starého Egypta, Mezopotámie a Izraela. /  |c Prerozprával Eduard Petiška 
250 |a 1. úplné vyd. 
260 |a Bratislava :  |b Buvik, vydavateľstvo,  |c 1998 
300 |a 156 s. 
653 0 |a povesti  |2 SVKKKPH 
653 0 |a báje  |2 SVKKKPH 
653 0 |a Egypt staroveký  |2 SVKKKPH 
653 0 |a Mezopotámia  |2 SVKKKPH 
653 0 |a Izrael  |2 SVKKKPH 
655 7 |a monografie  |2 SVKKKPH 
700 1 |a Petiška, Eduard  |4 nrt 
910 |a svkkk 
919 |a 80-85507-73-0 
974 |a MI  |d 19990108 
974 |a KL  |d 19981230 
974 |a MI  |d 19990127 
998 |a BK 
090 |g SCKHL  |k Sklad Pribinova 3. posch.  |a V.202980  |j 921705  |i 2720135039  |s Absenčne